[Event "Wch Seniors 23rd 2013"]
[Site "Opatija"]
[Date "2013.11.13"]
[Round "2.68"]
[White "Gromark, Per-Olof"]
[Black "Tavcar, Rado"]
[Result "1-0"]
[WhiteElo "2102"]
[BlackElo "1956"]
[PlyCount "59"]
[EventDate "2013.11.12"]

1. Nf3 Nf6 2. c4 g6 3. b4 Bg7 4. Bb2 O-O 5. g3 d6 6. Bg2 e5 7. d3 a5 8. b5 Nbd7
9. Nc3 Nc5 10. Qc2 Ne6 11. e3 c6 12. bxc6 bxc6 13. O-O Qc7 14. Rab1 Ba6 15. Nd2
Rab8 16. Ba3 Rfd8 17. Rxb8 Rxb8 18. Rc1 Ne8 19. Qa4 Bb7 20. Rb1 Ra8 21. Rxb7
Qxb7 22. Bxc6 Qc8 23. Nd5 Qd8 24. Bxa8 Qxa8 25. Nb3 Nf6 26. Nxf6+ Bxf6 27. e4
Be7 28. Qd7 Qf8 29. Nxa5 Nd4 30. Nc6 1-0

[Event "Wch Seniors 23rd 2013"]
[Site "Opatija"]
[Date "2013.11.13"]
[Round "2.69"]
[White "Yakovlev, Yuri S"]
[Black "Hjertenes, Oystein"]
[Result "0-1"]
[WhiteElo "1951"]
[BlackElo "2102"]
[PlyCount "80"]
[EventDate "2013.11.12"]

1. e4 g6 2. d4 Bg7 3. Be3 c6 4. c4 d6 5. Nc3 Nd7 6. Qd2 e5 7. Be2 h5 8. Nf3 Qe7
9. d5 c5 10. Nb5 Ndf6 11. Bd3 Kf8 12. b4 b6 13. bxc5 bxc5 14. h3 Bh6 15. Bxh6+
Nxh6 16. O-O Kg7 17. Ng5 Ne8 18. f4 f6 19. Nf3 exf4 20. Qxf4 g5 21. Qg3 Nf7 22.
Nh4 Qe5 23. Qe1 gxh4 24. Rf3 Rh6 25. Nc3 Rg6 26. Ne2 Ng5 27. Kh1 Nxf3 28. gxf3
Rb8 29. f4 Qe7 30. Qxh4 Qd7 31. f5 Rg5 32. Nf4 Qf7 33. Be2 Kh6 34. Nxh5 Rxh5
35. Qf4+ Kh7 36. Bxh5 Qxh5 37. Qg3 Rb7 38. Rg1 Rg7 39. Qe3 Rxg1+ 40. Kxg1 Qg5+
0-1

[Event "Wch Seniors 23rd 2013"]
[Site "Opatija"]
[Date "2013.11.13"]
[Round "2.70"]
[White "Meizlin, Yaacov"]
[Black "Masich, Vladimir"]
[Result "1-0"]
[WhiteElo "2102"]
[BlackElo "1931"]
[PlyCount "51"]
[EventDate "2013.11.12"]

1. c4 Nf6 2. g3 c5 3. Bg2 g6 4. Nc3 Bg7 5. e4 Nc6 6. d3 d6 7. Nge2 O-O 8. O-O
Rb8 9. h3 Bd7 10. Be3 Qc8 11. Kh2 Ne8 12. Qd2 Nc7 13. d4 cxd4 14. Nxd4 Ne5 15.
b3 a6 16. Rac1 Nc6 17. Nd5 Qd8 18. Ne2 Na8 19. Rfd1 Re8 20. c5 dxc5 21. Bxc5 b6
22. Be3 Na7 23. Nb4 a5 24. Qxd7 Qxd7 25. Rxd7 Nb5 26. Nc6 1-0

[Event "Wch Seniors 23rd 2013"]
[Site "Opatija"]
[Date "2013.11.13"]
[Round "2.71"]
[White "Lovejoy, David"]
[Black "Hedin, Gunnar"]
[Result "1/2-1/2"]
[WhiteElo "1943"]
[BlackElo "2100"]
[PlyCount "73"]
[EventDate "2013.11.12"]

1. e4 e6 2. Qe2 c5 3. Nf3 Nc6 4. g3 g6 5. Bg2 Bg7 6. d3 d6 7. Nc3 Nge7 8. O-O
O-O 9. Bf4 e5 10. Be3 f5 11. Qd2 Nd4 12. Ne1 Be6 13. f4 Qd7 14. Nd5 Rae8 15. c3
Ndc6 16. Nc2 Kh8 17. Rad1 Ng8 18. Kh1 Nf6 19. Bg1 exf4 20. gxf4 c4 21. Nxf6
Bxf6 22. exf5 gxf5 23. Rfe1 cxd3 24. Qxd3 Qf7 25. b3 d5 26. Nd4 Nxd4 27. Bxd4
Bxd4 28. Qxd4+ Qg7 29. Qxg7+ Kxg7 30. Rg1 Kf6 31. Bxd5 Bxd5+ 32. Rxd5 Re2 33.
Rd6+ Ke7 34. Rh6 Rf7 35. a4 Rf2 36. Re1+ Kd7 37. Rd1+ 1/2-1/2

[Event "Wch Seniors 23rd 2013"]
[Site "Opatija"]
[Date "2013.11.13"]
[Round "2.72"]
[White "Danielsson, Robert"]
[Black "Choong, Liong-On Mark"]
[Result "1/2-1/2"]
[WhiteElo "2098"]
[BlackElo "1924"]
[PlyCount "68"]
[EventDate "2013.11.12"]

1. d4 Nf6 2. c4 g6 3. Nc3 Bg7 4. e4 d6 5. f3 a6 6. Be3 c6 7. c5 b5 8. cxd6 exd6
9. Qd2 O-O 10. Nge2 Nbd7 11. Rd1 Re8 12. Nc1 a5 13. Be2 Nb6 14. b3 b4 15. Nb1
Qe7 16. O-O Bb7 17. Rfe1 Qc7 18. Nd3 Nfd7 19. Rc1 Qd8 20. Nb2 Nf8 21. a3 Ne6
22. axb4 axb4 23. Nc4 Nxc4 24. Bxc4 d5 25. exd5 cxd5 26. Bb5 Re7 27. Qxb4 Rb8
28. Ba4 Ba6 29. Qd2 Reb7 30. Nc3 Qa5 31. Qf2 Rc7 32. Ne2 Rxc1 33. Rxc1 Bxe2 34.
Qxe2 Nxd4 1/2-1/2

[Event "Wch Seniors 23rd 2013"]
[Site "Opatija"]
[Date "2013.11.13"]
[Round "2.73"]
[White "Hernandez M., E. Gustavo"]
[Black "Gamboa, Anibal"]
[Result "1/2-1/2"]
[WhiteElo "1933"]
[BlackElo "2096"]
[PlyCount "37"]
[EventDate "2013.11.12"]

1. e4 c6 2. d4 d5 3. Nc3 dxe4 4. Nxe4 Bf5 5. Ng3 Bg6 6. Nf3 Nd7 7. h4 h6 8. h5
Bh7 9. Bd3 Bxd3 10. Qxd3 Ngf6 11. Bf4 Qa5+ 12. Qd2 Qxd2+ 13. Bxd2 e6 14. O-O-O
O-O-O 15. Bf4 Nd5 16. Bd2 N5f6 17. Bf4 Nd5 18. Bd2 N5f6 19. Bf4 1/2-1/2

[Event "Wch Seniors 23rd 2013"]
[Site "Opatija"]
[Date "2013.11.13"]
[Round "2.74"]
[White "Kurka, Dieter"]
[Black "Bianco Diaz, Rogelio Jose"]
[Result "1/2-1/2"]
[WhiteElo "2091"]
[BlackElo "1891"]
[PlyCount "69"]
[EventDate "2013.11.12"]

1. d4 d5 2. c4 c6 3. Nf3 Nf6 4. Nc3 Bg4 5. Ne5 Bh5 6. cxd5 Nxd5 7. Qb3 Qb6 8.
Nxd5 Qxb3 9. axb3 cxd5 10. e3 e6 11. Bb5+ Kd8 12. Bd2 Bd6 13. O-O f6 14. Nd3 a6
15. Nc5 Bxc5 16. dxc5 Nc6 17. Bxc6 bxc6 18. f3 Bg6 19. Bc3 Bd3 20. Rf2 Kd7 21.
Rd2 Bb5 22. Kf2 e5 23. b4 Ke6 24. Re1 Rad8 25. h4 h5 26. Rdd1 Rd7 27. b3 f5 28.
f4 e4 29. Ra1 Rhd8 30. Ra2 g6 31. Rea1 Ra7 32. Bd4 Bd3 33. Ke1 Rb8 34. Bc3 Rab7
35. Kd2 1/2-1/2

[Event "Wch Seniors 23rd 2013"]
[Site "Opatija"]
[Date "2013.11.13"]
[Round "2.75"]
[White "Finnlaugsson, Gunnar"]
[Black "Sevenyuk, Alexey"]
[Result "1-0"]
[WhiteElo "2082"]
[BlackElo "1886"]
[PlyCount "77"]
[EventDate "2013.11.12"]

1. Nf3 c6 2. e4 d5 3. Nc3 dxe4 4. Nxe4 Nf6 5. Nxf6+ exf6 6. d4 Bd6 7. Be2 O-O
8. Be3 a5 9. O-O Na6 10. c4 Bg4 11. h3 Bf5 12. a3 Qb8 13. Nh4 Be4 14. f3 Bg6
15. f4 Be4 16. Bd3 Re8 17. Bxe4 Rxe4 18. Qd3 Qe8 19. Rae1 Rd8 20. Bf2 Rxe1 21.
Rxe1 Qd7 22. Nf5 g6 23. Nxd6 Qxd6 24. f5 Qd7 25. fxg6 fxg6 26. Qf3 f5 27. Re5
a4 28. Qe3 Qf7 29. Re7 Qf8 30. Bg3 Qf6 31. Qe5 Qxe5 32. Bxe5 c5 33. d5 Nb8 34.
Rg7+ Kf8 35. Rxh7 b5 36. Rh8+ Ke7 37. Bf6+ Kxf6 38. Rxd8 Na6 39. Rd6+ 1-0

[Event "Wch Seniors 23rd 2013"]
[Site "Opatija"]
[Date "2013.11.13"]
[Round "2.77"]
[White "Stull, Norbert"]
[Black "Bohman, Leif"]
[Result "1-0"]
[WhiteElo "2075"]
[BlackElo "1880"]
[PlyCount "105"]
[EventDate "2013.11.12"]

1. d4 d5 2. c4 c6 3. Nf3 Nf6 4. e3 a6 5. Nc3 Bf5 6. Bd3 Bxd3 7. Qxd3 e6 8. O-O
Be7 9. e4 dxe4 10. Nxe4 Nbd7 11. Bf4 Nxe4 12. Qxe4 O-O 13. Rad1 Nf6 14. Qe2 Qa5
15. a3 Qh5 16. Rfe1 Rfe8 17. h3 Rad8 18. Qc2 Qg6 19. Qb3 Qf5 20. Bh2 b5 21. Ne5
Bd6 22. Rd3 Bxe5 23. Bxe5 Nd7 24. Rf3 Qh5 25. Rg3 Nxe5 26. Rxe5 Qh6 27. Qf3 g6
28. Qxc6 Qc1+ 29. Kh2 Qxc4 30. Qxa6 Qxd4 31. Qxb5 Rb8 32. Qc5 Qxc5 33. Rxc5
Rxb2 34. Rf3 Re7 35. Kg3 Ra7 36. Rcc3 Kg7 37. Rb3 Rxb3 38. Rxb3 h5 39. Kf4 Kf6
40. Ke4 Ra4+ 41. Kd3 h4 42. Kc3 Ke5 43. Kb2 g5 44. Rb5+ Kf6 45. Kb3 Re4 46. Rc5
g4 47. Rc4 Rxc4 48. Kxc4 gxh3 49. gxh3 Ke7 50. Kc5 Kd7 51. a4 Kc7 52. f4 f6 53.
a5 1-0

[Event "Wch Seniors 23rd 2013"]
[Site "Opatija"]
[Date "2013.11.13"]
[Round "2.78"]
[White "King, Melvyn"]
[Black "Chubar, Vladimir"]
[Result "0-1"]
[WhiteElo "1890"]
[BlackElo "2071"]
[PlyCount "57"]
[EventDate "2013.11.12"]

1. e4 e6 2. f4 d5 3. e5 c5 4. Nf3 Nc6 5. c3 Nge7 6. g3 Nf5 7. d3 Be7 8. Bg2 h5
9. O-O b5 10. Na3 b4 11. Nc2 bxc3 12. bxc3 Rb8 13. Re1 Ba6 14. Bf1 Qa5 15. Bd2
O-O 16. Kg2 Rb2 17. h3 Qa4 18. Ne3 Qxd1 19. Raxd1 Nxe3+ 20. Rxe3 d4 21. cxd4
cxd4 22. Re4 Rxa2 23. Kg1 Rb8 24. Be1 Rbb2 25. Nd2 Nb4 26. Nc4 Bxc4 27. dxc4 d3
28. Bxb4 Bxb4 29. Kh1 0-1

[Event "Wch Seniors 23rd 2013"]
[Site "Opatija"]
[Date "2013.11.13"]
[Round "2.79"]
[White "Taksrud, Vidar"]
[Black "Korenevski, Oleg"]
[Result "0-1"]
[WhiteElo "2063"]
[BlackElo "1880"]
[PlyCount "152"]
[EventDate "2013.11.12"]

1. d4 Nf6 2. c4 e6 3. Nf3 b6 4. g3 Bb7 5. Bg2 c5 6. d5 exd5 7. Nh4 g6 8. Nc3
Bg7 9. O-O O-O 10. cxd5 d6 11. e4 Nbd7 12. Re1 Ne8 13. Qc2 Nc7 14. a4 a5 15.
Bd2 Ba6 16. f4 Bd4+ 17. Be3 Qf6 18. Nf3 Bxe3+ 19. Rxe3 Rfe8 20. Rae1 Qd8 21. e5
dxe5 22. fxe5 Nf8 23. d6 Nce6 24. Nd5 Nd7 25. Ne7+ Rxe7 26. dxe7 Qxe7 27. Qe4
Rb8 28. Rd1 Bb7 29. Qh4 Qxh4 30. Nxh4 Bxg2 31. Kxg2 Rb7 32. Nf3 Kf8 33. h4 h5
34. b3 Ke8 35. Re4 Ke7 36. Kf2 Ke8 37. Ke3 Ke7 38. Rf1 Rb8 39. Ng5 Nxg5 40.
hxg5 Ke6 41. Rd1 b5 42. Rd6+ Ke7 43. Ra6 bxa4 44. bxa4 Rb3+ 45. Kf4 Rb1 46.
Rxa5 Rf1+ 47. Ke3 Rf5 48. e6 fxe6 49. Ra6 Nf8 50. Rf4 Re5+ 51. Kd3 Nd7 52. Rc6
Rxg5 53. Rc8 Rxg3+ 54. Kc4 Nb6+ 55. Kxc5 Nxc8 56. a5 Ra3 57. Kb4 Ra1 58. Re4
Kd7 59. Rf4 Kd6 60. Rc4 Na7 61. Rd4+ Ke5 62. Rc4 Kd5 63. Rc5+ Kd6 64. Rg5 Nc6+
65. Kc3 Ne5 66. Kb4 h4 67. Rg2 Nc6+ 68. Kc3 h3 69. Rh2 Rxa5 70. Kd3 g5 71. Ke4
g4 72. Kf4 Ra4+ 73. Kg3 Ne5 74. Rd2+ Ke7 75. Re2 Ra3+ 76. Kh4 h2 0-1

[Event "Wch Seniors 23rd 2013"]
[Site "Opatija"]
[Date "2013.11.13"]
[Round "2.80"]
[White "Lim, Kian Hwa"]
[Black "Andersson, Kaj"]
[Result "1-0"]
[WhiteElo "1883"]
[BlackElo "2062"]
[PlyCount "157"]
[EventDate "2013.11.12"]

1. e4 c5 2. Nc3 e6 3. g3 Nc6 4. Bg2 Nf6 5. d3 Be7 6. h3 d5 7. exd5 exd5 8. Bg5
Be6 9. Nge2 h6 10. Bd2 Qb6 11. Nf4 Rd8 12. O-O O-O 13. Re1 d4 14. Na4 Qa6 15.
b3 Bd5 16. Nxd5 Nxd5 17. a3 b5 18. Nb2 Qc8 19. Qh5 Nf6 20. Qf3 Rd5 21. a4 a6
22. axb5 axb5 23. g4 Bd8 24. Ra2 Nb4 25. Ra7 Nxc2 26. Rc1 Qb8 27. Ra6 c4 28.
bxc4 bxc4 29. Nxc4 Ne3 30. fxe3 dxe3 31. Bxe3 Rxd3 32. Ra3 Rd7 33. Bf4 Qb4 34.
Qc3 Qc5+ 35. Be3 Qe7 36. Qe5 Re8 37. Qxe7 Bxe7 38. Ra8 Rxa8 39. Bxa8 Nd5 40.
Rd1 Nb6 41. Rxd7 Nxd7 42. Kg2 Nf8 43. Bd5 Ng6 44. Kf3 Nh4+ 45. Ke4 Ng6 46. Bf2
Nh8 47. Ne5 Bd6 48. Nd7 Bb4 49. h4 Be7 50. h5 Bg5 51. Bd4 Be7 52. Be5 Bh4 53.
Bd6 Bd8 54. Ne5 Bf6 55. Ng6 Kh7 56. Nxh8 Kxh8 57. Bxf7 Kh7 58. Kf5 Bc3 59. Bf4
Bf6 60. Bg6+ Kh8 61. Bxh6 Bb2 62. Bg5 Bc3 63. h6 gxh6 64. Bxh6 Bb2 65. Bg5 Kg7
66. Be7 Bc3 67. g5 Bd2 68. Bf6+ Kg8 69. Ke6 Kf8 70. Bh5 Bc1 71. g6 Bh6 72. Bf3
Kg8 73. Ke7 Bf8+ 74. Ke8 Bg7 75. Bxg7 Kxg7 76. Be4 Kg8 77. Ke7 Kg7 78. Ke6 Kg8
79. Kf6 1-0

[Event "Wch Seniors 23rd 2013"]
[Site "Opatija"]
[Date "2013.11.13"]
[Round "2.81"]
[White "Kiss, Istvan"]
[Black "Davydov, Mihail"]
[Result "0-1"]
[WhiteElo "1880"]
[BlackElo "2058"]
[PlyCount "120"]
[EventDate "2013.11.12"]

1. e4 c6 2. Nc3 d5 3. Nf3 dxe4 4. Nxe4 Nd7 5. d4 Ngf6 6. Nxf6+ Nxf6 7. Ne5 e6
8. c3 Qc7 9. Bf4 Bd6 10. Bd3 b6 11. O-O Bb7 12. Re1 O-O 13. Re3 c5 14. Rh3 Be4
15. Bxe4 Nxe4 16. Qe2 f5 17. Qh5 Nf6 18. Qh4 cxd4 19. cxd4 Rac8 20. Rc3 Qb8 21.
Qh3 Rxc3 22. bxc3 Rc8 23. c4 Ng4 24. Nxg4 Bxf4 25. Ne3 Qd6 26. d5 Bxe3 27. Qxe3
Rxc4 28. dxe6 Re4 29. Qg5 Qxe6 30. Qd8+ Kf7 31. g3 h6 32. Rd1 Re1+ 33. Rxe1
Qxe1+ 34. Kg2 Qe4+ 35. Kg1 Qb1+ 36. Kg2 Qxa2 37. Qd7+ Kg8 38. Qc8+ Kh7 39.
Qxf5+ Kh8 40. Qc8+ Qg8 41. Qb7 Qc4 42. Qxa7 b5 43. Qb8+ Kh7 44. Qe5 b4 45. Kf3
b3 46. Qf5+ Kh8 47. Ke3 Qc1+ 48. Ke2 b2 49. Qf8+ Kh7 50. Qf5+ Kg8 51. Qe6+ Kf8
52. Qd6+ Ke8 53. Qe6+ Kd8 54. Qd6+ Kc8 55. Qf8+ Kb7 56. Qb4+ Kc6 57. Qa4+ Kc5
58. Qa5+ Kc4 59. Qa4+ Kc3 60. Qa3+ Kd4 0-1

[Event "Wch Seniors 23rd 2013"]
[Site "Opatija"]
[Date "2013.11.13"]
[Round "2.82"]
[White "Koryabkin, Valery"]
[Black "Kayaman, Metin"]
[Result "0-1"]
[WhiteElo "2057"]
[BlackElo "1865"]
[PlyCount "44"]
[EventDate "2013.11.12"]

1. d4 Nf6 2. c4 e6 3. Nc3 c5 4. d5 exd5 5. cxd5 d6 6. e4 g6 7. Be2 Bg7 8. f4
O-O 9. Nf3 Re8 10. Nd2 a6 11. a4 h5 12. O-O Bg4 13. Bf3 Nbd7 14. Qc2 Rb8 15.
Qd3 b5 16. axb5 axb5 17. Ra6 c4 18. Qc2 Nc5 19. Rc6 Nd3 20. Nxb5 Nb4 21. Qxc4
Nxc6 22. Qxc6 Bd7 0-1

[Event "Wch Seniors 23rd 2013"]
[Site "Opatija"]
[Date "2013.11.13"]
[Round "2.83"]
[White "Pfitzer, Norbert"]
[Black "Andersson, Finn"]
[Result "1/2-1/2"]
[WhiteElo "2047"]
[BlackElo "1846"]
[PlyCount "112"]
[EventDate "2013.11.12"]

1. d4 e6 2. g3 Nf6 3. Bg2 d5 4. Nf3 b6 5. c4 Bb4+ 6. Bd2 Bxd2+ 7. Nbxd2 Bb7 8.
O-O O-O 9. Rc1 dxc4 10. Nxc4 Na6 11. Qa4 Qe7 12. Nfe5 Bxg2 13. Kxg2 Nb4 14. a3
Nbd5 15. Nc6 Qe8 16. Rfe1 Ne7 17. N4e5 Ng6 18. Nd3 a5 19. Qc4 Nd7 20. f4 Ne7
21. Nxe7+ Qxe7 22. Qxc7 Rfc8 23. Qb7 Qe8 24. Qf3 Qe7 25. Rxc8+ Rxc8 26. Rc1 Qd8
27. Qb7 Rxc1 28. Nxc1 g6 29. Nd3 Qe8 30. Qc6 Qd8 31. h3 h5 32. e3 Nb8 33. Qf3
Qc7 34. Ne5 Qc2+ 35. Qf2 Qe4+ 36. Kh2 f6 37. Nc4 Nd7 38. Qd2 Qd5 39. Qc3 Qf3
40. Qc2 Kg7 41. Qg2 Qd5 42. Qe2 a4 43. Nd2 b5 44. Nf3 f5 45. Ne5 Nb6 46. g4
hxg4 47. hxg4 Nc4 48. gxf5 exf5 49. Nxc4 bxc4 50. Qd2 Qf3 51. d5 Qh5+ 52. Kg1
Qg4+ 53. Kf2 Qh4+ 54. Kf1 Qh1+ 55. Ke2 Qh5+ 56. Ke1 Qh1+ 1/2-1/2

[Event "Wch Seniors 23rd 2013"]
[Site "Opatija"]
[Date "2013.11.13"]
[Round "2.84"]
[White "Barkman, Rolf"]
[Black "Karabut, Vladimir"]
[Result "1-0"]
[WhiteElo "1867"]
[BlackElo "2044"]
[PlyCount "80"]
[EventDate "2013.11.12"]

1. e4 Nc6 2. f4 b6 3. Nf3 Bb7 4. d4 g6 5. d5 Nb8 6. Bc4 Bg7 7. O-O Nf6 8. Nc3
O-O 9. e5 Ne8 10. Qe1 e6 11. Qg3 Qe7 12. Be3 Na6 13. a3 d6 14. Rae1 c6 15. dxc6
Bc8 16. Nb5 d5 17. Ba2 Nac7 18. Nbd4 Ba6 19. Rf2 Nb5 20. h4 Nxd4 21. Nxd4 Nc7
22. h5 Nb5 23. hxg6 fxg6 24. Nf3 Rac8 25. c4 Nc7 26. cxd5 Nxd5 27. Bxd5 exd5
28. Nd4 Bd3 29. b4 b5 30. Bc1 Bc4 31. f5 Qe8 32. f6 Bxf6 33. Rxf6 Rf7 34. Rxf7
Qxf7 35. Bh6 Re8 36. e6 Qf6 37. Qe5 Qxe5 38. Rxe5 a6 39. Re3 Ba2 40. Rf3 Bb1
1-0

[Event "Wch Seniors 23rd 2013"]
[Site "Opatija"]
[Date "2013.11.13"]
[Round "2.85"]
[White "Benson, Lachlan"]
[Black "Peierl, Walter"]
[Result "1-0"]
[WhiteElo "2039"]
[BlackElo "1834"]
[PlyCount "63"]
[EventDate "2013.11.12"]

1. e4 e6 2. d4 d5 3. Nc3 Bb4 4. Qg4 Nf6 5. Qxg7 Rg8 6. Qh6 Rg6 7. Qh4 Rg4 8.
Qh3 e5 9. Qd3 Rxe4+ 10. Nge2 exd4 11. a3 dxc3 12. axb4 cxb2 13. Bxb2 Nc6 14.
Qf3 Nd7 15. O-O-O Nce5 16. Qg3 Rg4 17. Qe3 Re4 18. Qh6 Ng4 19. Qxh7 Nf8 20. Qh5
Nxf2 21. Rxd5 Qe7 22. Qf3 Nxh1 23. Bf6 Nd7 24. Bxe7 Rxe7 25. g3 Nxg3 26. Qxg3
Nf6 27. Re5 Be6 28. Qh4 Nd7 29. Rh5 Nf8 30. Rh8 Kd7 31. Qd4+ Ke8 32. Qg7 1-0

[Event "Wch Seniors 23rd 2013"]
[Site "Opatija"]
[Date "2013.11.13"]
[Round "2.86"]
[White "Alavi, Mir Mahmood"]
[Black "Doubleday, William G"]
[Result "0-1"]
[WhiteElo "1852"]
[BlackElo "2037"]
[PlyCount "108"]
[EventDate "2013.11.12"]

1. e4 c5 2. Nf3 Nc6 3. Be2 e5 4. O-O Nf6 5. c3 Nxe4 6. d4 exd4 7. cxd4 d5 8.
Nc3 Nxc3 9. bxc3 cxd4 10. Bb5 Be7 11. Ne5 Bd7 12. Nxd7 Qxd7 13. cxd4 O-O 14.
Qh5 Rfe8 15. a4 Bf8 16. f4 g6 17. Qh4 Qe7 18. Qg4 Qe4 19. Bb2 a6 20. Rfe1 Qc2
21. Re2 Qb3 22. Bxc6 bxc6 23. Rf2 Re4 24. Qd1 Rb8 25. Qf1 Qe3 26. Kh1 Bd6 27.
f5 Rf4 28. Rxf4 Qxf4 29. Qxf4 Bxf4 30. Ba3 gxf5 31. Rf1 Be3 32. Bd6 Rb2 33. g3
Bxd4 34. Rxf5 Re2 35. Rg5+ Bg7 36. Rg4 Re4 37. Rxe4 dxe4 38. g4 Bd4 39. Kg2 Kg7
40. Kg3 Kf6 41. Kf4 e3 42. Bb4 c5 43. Be1 c4 44. Ke4 c3 45. Kd3 Kg5 46. h3 Kf4
47. Bh4 Kf3 48. Be1 Kg2 49. h4 Kf1 50. Bxc3 Bxc3 51. Kxe3 Be1 52. h5 Bh4 53.
Kf4 h6 54. a5 Kf2 0-1

[Event "Wch Seniors 23rd 2013"]
[Site "Opatija"]
[Date "2013.11.13"]
[Round "2.88"]
[White "Birkestrand, Odd"]
[Black "Krstic, Slobodan"]
[Result "0-1"]
[WhiteElo "1819"]
[BlackElo "2027"]
[PlyCount "90"]
[EventDate "2013.11.12"]

1. e4 e6 2. d4 d5 3. e5 Be7 4. Nf3 c5 5. c3 Nc6 6. dxc5 Bd7 7. Bd3 Bxc5 8. O-O
Nge7 9. b4 Bb6 10. Bg5 h6 11. Bh4 Qc7 12. Bg3 a6 13. a4 d4 14. b5 axb5 15. Bxb5
dxc3 16. Nxc3 Rd8 17. Ne4 Nf5 18. Nd6+ Nxd6 19. exd6 Qb8 20. Rc1 O-O 21. Qe2
Qa7 22. Rfd1 f6 23. h4 Rf7 24. h5 Qa5 25. Qb2 Re8 26. Rb1 Bc5 27. Rbc1 b6 28.
Qb3 Qb4 29. Qd3 Rd8 30. Rc4 Qb2 31. Rc2 Qb4 32. Qg6 Na5 33. Bd3 f5 34. Ne5 Rf6
35. Nxd7 Rxg6 36. hxg6 Rxd7 37. Bb5 Rd8 38. d7 Qg4 39. Rd3 f4 40. Rcc3 fxg3 41.
Rxg3 Qd1+ 42. Kh2 Bxf2 43. Rgf3 Qg1+ 44. Kh3 Qh1+ 45. Kg4 Qh4# 0-1

[Event "Wch Seniors 23rd 2013"]
[Site "Opatija"]
[Date "2013.11.13"]
[Round "2.89"]
[White "Spika, Ivica"]
[Black "Pressl, Harald"]
[Result "0-1"]
[WhiteElo "2018"]
[BlackElo "1802"]
[PlyCount "66"]
[EventDate "2013.11.12"]

1. d4 Nf6 2. c4 e6 3. Nf3 b6 4. e3 Bb7 5. Bd3 Be7 6. O-O O-O 7. Nc3 c5 8. dxc5
bxc5 9. b3 Nc6 10. Bb2 Nb4 11. Bb1 a6 12. Qe2 Qc7 13. h3 Rad8 14. a3 Nc6 15.
Ne4 Nxe4 16. Bxe4 f5 17. Bc2 Bf6 18. Bxf6 Rxf6 19. Rfd1 Ne5 20. Nxe5 Qxe5 21.
Rab1 Rg6 22. f4 Qc7 23. g4 Rh6 24. Qh2 fxg4 25. h4 d6 26. Kf2 Qe7 27. Rh1 Qf6
28. Kg3 Bf3 29. Rhe1 e5 30. Bd1 exf4+ 31. exf4 Rf8 32. Bxf3 Qxf4+ 33. Kg2 gxf3+
0-1

[Event "Wch Seniors 23rd 2013"]
[Site "Opatija"]
[Date "2013.11.13"]
[Round "2.90"]
[White "Norman, Dinah M"]
[Black "Belistri, Ubaldo"]
[Result "1/2-1/2"]
[WhiteElo "1800"]
[BlackElo "2016"]
[PlyCount "111"]
[EventDate "2013.11.12"]

1. d4 Nf6 2. Nf3 g6 3. Bf4 Bg7 4. e3 O-O 5. h3 d6 6. Bc4 c6 7. a4 Nbd7 8. O-O
d5 9. Be2 Ne4 10. Nbd2 Nxd2 11. Qxd2 f6 12. c3 e5 13. Bh2 e4 14. Ne1 Qe7 15. a5
Bh6 16. Nc2 f5 17. b4 g5 18. f4 Nf6 19. fxg5 Bxg5 20. Bf4 Qg7 21. Qe1 Kh8 22.
Qg3 Rg8 23. Qxg5 Qxg5 24. Bxg5 Rxg5 25. Rf4 Be6 26. Kh2 Rag8 27. Rg1 R8g6 28.
Rh4 Ne8 29. g3 Nd6 30. Na3 Kg7 31. Rg2 Rf6 32. Rg1 Rf8 33. Ra1 Rg8 34. Nc2 Kh8
35. Rg1 Rc8 36. Na3 Rg7 37. Rh6 Rg6 38. Rxg6 hxg6 39. h4 Kg7 40. Kg2 Kh6 41.
Kf2 Kg7 42. Ke1 b6 43. axb6 axb6 44. Kd2 Kf6 45. Nc2 Rh8 46. Rh1 b5 47. Ke1 Nf7
48. Kf2 Nh6 49. Ra1 Nf7 50. Ra6 Nd8 51. Na1 g5 52. hxg5+ Kxg5 53. Kg2 Kf6 54.
Nb3 Rh7 55. Nc5 Rc7 56. Bf1 1/2-1/2

[Event "Wch Seniors 23rd 2013"]
[Site "Opatija"]
[Date "2013.11.13"]
[Round "2.91"]
[White "Schwertel, Johann"]
[Black "Kummer, Heinz"]
[Result "1-0"]
[WhiteElo "2016"]
[BlackElo "1788"]
[PlyCount "47"]
[EventDate "2013.11.12"]

1. d4 g6 2. Nf3 Bg7 3. c4 d6 4. Nc3 Nc6 5. e3 Nh6 6. Be2 O-O 7. O-O f5 8. e4
Nf7 9. exf5 Bxf5 10. Be3 e5 11. d5 Ne7 12. Rc1 c5 13. a3 Bc8 14. Ne4 Nf5 15.
Qd2 Nd4 16. Bd1 Bf5 17. Ng3 Bd7 18. b4 b6 19. a4 a5 20. b5 Qe7 21. Ne4 Bf5 22.
Neg5 h6 23. Bxd4 Nxg5 24. Be3 {Dirty manuscript!} 1-0

[Event "Wch Seniors 23rd 2013"]
[Site "Opatija"]
[Date "2013.11.13"]
[Round "2.93"]
[White "Nielsen, Peter"]
[Black "Mckerracher, Douglas"]
[Result "0-1"]
[WhiteElo "1769"]
[BlackElo "2006"]
[PlyCount "68"]
[EventDate "2013.11.12"]

1. e4 d5 2. exd5 Qxd5 3. Nc3 Qa5 4. Bc4 Nf6 5. h3 c6 6. d3 Bf5 7. Bd2 e6 8. Qe2
Bb4 9. Nf3 Nbd7 10. O-O O-O 11. a3 Bxc3 12. Bxc3 Qc7 13. Ne5 Nd5 14. Nxd7 Qxd7
15. Bxd5 cxd5 16. d4 Rfc8 17. Rac1 Qa4 18. Rfd1 Rc6 19. g4 Bg6 20. h4 h6 21. f4
Rac8 22. h5 Be4 23. g5 Kh7 24. Rd3 Bxd3 25. Qxd3+ Kh8 26. Qe3 Rxc3 27. bxc3
Qxa3 28. gxh6 Rxc3 29. hxg7+ Kg8 30. Qe1 Rg3+ 31. Kf1 Qf3+ 32. Qf2 Qh1+ 33. Ke2
Qe4+ 34. Kd1 Rg2 0-1

[Event "Wch Seniors 23rd 2013"]
[Site "Opatija"]
[Date "2013.11.13"]
[Round "2.94"]
[White "Nilsson, Weine"]
[Black "Milosevic, Bozidar"]
[Result "1-0"]
[WhiteElo "2003"]
[BlackElo "1734"]
[PlyCount "97"]
[EventDate "2013.11.12"]

1. c4 e5 2. Nc3 Nf6 3. g3 Bc5 4. Bg2 a6 5. e3 O-O 6. Nge2 d6 7. O-O c6 8. d4
Bb6 9. b4 Re8 10. a4 Bg4 11. h3 Be6 12. d5 cxd5 13. cxd5 Bd7 14. Qb3 Qc8 15.
Kh2 h6 16. Ba3 Bf5 17. e4 Bh7 18. Rac1 Qd8 19. Rc2 Nbd7 20. f3 Nh5 21. Bc1 g5
22. a5 Ba7 23. Na4 Qe7 24. Rc7 Rab8 25. Be3 Bxe3 26. Qxe3 Rec8 27. Rfc1 Qd8 28.
Qc3 Rxc7 29. Qxc7 Qxc7 30. Rxc7 Nhf6 31. Nec3 b6 32. Rc6 bxa5 33. bxa5 Ne8 34.
Bf1 f5 35. Bxa6 fxe4 36. fxe4 Nc5 37. Nxc5 dxc5 38. Rxc5 Nd6 39. Bd3 Rb2+ 40.
Kg1 Rd2 41. a6 Rxd3 42. a7 Kg7 43. a8=Q Kg6 44. Qc6 Kh5 45. Qxd6 Re3 46. Rc6
Rxg3+ 47. Kh2 Rxh3+ 48. Kxh3 Bf5+ 49. exf5 1-0

[Event "Wch Seniors 23rd 2013"]
[Site "Opatija"]
[Date "2013.11.13"]
[Round "2.95"]
[White "Jorgensen, Arne Bjorn"]
[Black "Thonig, Manfred"]
[Result "1-0"]
[WhiteElo "1999"]
[BlackElo "1553"]
[PlyCount "71"]
[EventDate "2013.11.12"]

1. Nf3 Nf6 2. d4 d5 3. c4 e6 4. Nc3 Bb4 5. e3 Ne4 6. Bd2 Qe7 7. Bd3 f5 8. a3
Bxc3 9. Bxc3 Nxc3 10. bxc3 O-O 11. g3 b6 12. cxd5 exd5 13. O-O Nd7 14. Qc2 g6
15. a4 Nf6 16. a5 Bb7 17. Ra2 c5 18. Rb1 c4 19. Bf1 Qe4 20. Qd1 Qe6 21. Bg2 Ne4
22. Qc2 h6 23. Ne5 g5 24. f3 Nf6 25. Rab2 Rfe8 26. axb6 a6 27. g4 Rad8 28. gxf5
Qe7 29. e4 Kg7 30. Ng6 Qd7 31. e5 Nh5 32. Bh3 Qc6 33. Bg4 Nf4 34. Nxf4 gxf4 35.
Qd2 Rg8 36. Qxf4 1-0

[Event "Wch Seniors 23rd 2013"]
[Site "Opatija"]
[Date "2013.11.13"]
[Round "2.96"]
[White "Wilson, F  Leon"]
[Black "Mortensen, Steen Juul"]
[Result "1/2-1/2"]
[WhiteElo "1591"]
[BlackElo "1999"]
[PlyCount "54"]
[EventDate "2013.11.12"]

1. d4 Nf6 2. c4 g6 3. Nc3 Bg7 4. Nf3 O-O 5. e4 d6 6. h3 e5 7. d5 a5 8. Bg5 h6
9. Bh4 g5 10. Bg3 Na6 11. a3 Nc5 12. Qc2 Nh5 13. Bh2 f5 14. Nd2 f4 15. Be2 Nf6
16. Na4 Na6 17. c5 Nxc5 18. Nxc5 dxc5 19. Qxc5 Rf7 20. Rc1 Bf8 21. Qc3 Bd6 22.
f3 Qe7 23. Bg1 Nd7 24. Bf2 Rg7 25. Nc4 b6 26. Nxd6 cxd6 27. Bb5 Rb8 1/2-1/2